000 00367nam a2200145Ia 4500
008 240624s9999 xx 000 0 und d
041 _aeng
082 _a302.35 ROB
100 _aROBBINS
245 _aORGANIZATIONAL BEHAVIOR
250 _a(13th ed.)
260 _c2008
_aNew Delhi
_bPrentice-Hall of India
300 _axxix, : 716 : p. : cm. ; 28
365 _cRS
_b35
999 _c9617
_d9617